Tous les clubs qui ont affronté Montpellier en coupe d'Europe - Statistiques

Statistiques générales
  • Ce quiz a été pris 17 fois
  • Le résultat moyen est 5 sur 21
Statistiques - réponses
Année 1ère confrontation Clubs Nombres de matchs Bilan % Correct
2012-13 Arsenal 2 2d
94%
1997 Lyon 2 2d
75%
1990-91 Manchester United 2 1n 1d
63%
2010-11 Győr ETO 2 1v 1d
44%
1988-89 Benfica 2 2d
38%
2012-13 Olympiakos 2 2d
38%
2012-13 Schalke 2 2n
38%
1996-97 Sporting Lisbonne 2 1n 1d
38%
1990-91 PSV 2 1v 1n
31%
1999-2000 Étoile Rouge Belgrade 2 1v 1n
19%
1999-2000 Deportivo La Corogne 2 2d
13%
1999 Hambourg 2 2n
13%
1990-91 Steaua Bucarest 2 2v
13%
1997 Cologne 2 1v 1d
6%
1999 Espanyol 2 2v
6%
1999 MSV Duisburg 2 1v 1n
6%
1997 Spartak Varna 1 1n
6%
1997 Čukarički 1 1v
0%
1997 Gloria Bistriţa 1 1v
0%
1997 Groningen 1 1v
0%
1999 Qarabağ 2 2v
0%
Aucun quiz correspondant
Distribution des résultats
% des personnes avec chaque résultat
Percentile par nombre de réponses
Votre historique - résultats
Vous n’avez pas pris ce quiz